Harry Potter Venn Diagram III Quiz Stats

 Plays Quiz not verified by Sporcle

Score 0/8 Timer 02:00
172 Plays Today
% Correct
McGonagall
97.8%
Dobby
96.9%
Dumbledore
96.4%
Molly Weasley
95.9%
Malfoy
95.6%
Pettigrew
90.5%
Umbridge
90.4%
Quirrell
88%

You're not logged in!

Compare scores with friends on all Sporcle quizzes.
OR
Log In

Show Comments

Extras

Top Quizzes Today


Score Distribution

Your Account Isn't Verified!

In order to create a playlist on Sporcle, you need to verify the email address you used during registration. Go to your Sporcle Settings to finish the process.

Report this User

Report this user for behavior that violates our Community Guidelines.

Details: